Audit účtovníctva
Príspevok je zameraný na audit účtovníctva a to v podniku, ktorý účtuje v sústave podvojného účtovníctva pre podnikateľov. Povinnosť auditu. Účtovná závierka. Výročná správa účtovnej jednotky. Zverejňovanie údajov z účtovnej závierky. Postavenie nezávislého audítora. Obsah auditu. Povinnosti audítor...
Enregistré dans:
| Auteur principal: | |
|---|---|
| Format: | Chapitre de livre |
| Langue: | slovaque |
| Sujets: | |
| Tags: |
Pas de tags, Soyez le premier à ajouter un tag!
|
MARC
| LEADER | 00000naa a2200000 4500 | ||
|---|---|---|---|
| 001 | r041886 | ||
| 005 | 20230926083949.2 | ||
| 041 | 0 | |a slo | |
| 044 | |a SK | ||
| 245 | 1 | 0 | |a Audit účtovníctva |c Vladimír Pastierik |
| 520 | |a Príspevok je zameraný na audit účtovníctva a to v podniku, ktorý účtuje v sústave podvojného účtovníctva pre podnikateľov. Povinnosť auditu. Účtovná závierka. Výročná správa účtovnej jednotky. Zverejňovanie údajov z účtovnej závierky. Postavenie nezávislého audítora. Obsah auditu. Povinnosti audítora. | ||
| 610 | 2 | 0 | |a audit |
| 610 | 2 | 0 | |a účtovníctvo |
| 610 | 2 | 0 | |a jednotka účtovná |
| 610 | 2 | 0 | |a účtovníctvo podvojné |
| 610 | 2 | 0 | |a závierka účtovná |
| 610 | 2 | 0 | |a správy výročné |
| 610 | 2 | 0 | |a audítori |
| 100 | 1 | |a Pastierik, Vladimír | |